000 00866nam a22002657a 4500
001 BR8702223
003 BR-BrBNA
005 20230928092442.0
007 ta
008 230509b bl.||||| |||| 00| 0 por d
040 _aBR-BrBNA
_bpor
_cBiblioteca Nacional de Agricultura
041 _a(Por)
072 _aP05
_b/G514
090 _ P05 BR8702223
110 1 _aComissao Estadual de Energia, Florianopolis, SC (Brasil)
_92017
245 1 _aBalanco energetico consolidado 1980/84 [Santa Catarina, Brasil]
260 3 _aFlorianopolis, SC (Brasil):
_c1984.
300 _a103 p.
500 _aNumerical data. (*) Documento disponível na(o) Associacao de Credito e Assistencia Rural de Santa Catarina, Florianopolis (Brazil)
650 _aBALANCO DE ENERGIA
650 _aENERGIA
650 _aCONSUMO
909 _a202309
_bLucia
_c55
_dLucia Elande
942 _cBK
999 _c39149
_d39149